Say what you see musicals Quiz Stats

 Plays Quiz not verified by Sporcle

Challenge
Share
Tweet
Score 0/15 Timer 10:00
0 Plays Today
Number Musical % Correct
11.Cats
91.1%
5.Chess
84.3%
9.Carousel
77.7%
8.Oklahoma
75.7%
12.Sunset Boulevard
67.3%
2.Legally Blonde
65.3%
3.South Pacific
61.7%
7.Bye Bye Birdie
58.8%
Number Musical % Correct
1.Sweet Charity
52.6%
14.Blood Brothers
52%
10.Guys and Dolls
46.7%
6.Hello Dolly
41.6%
4.Into the Woods
38.9%
15.Love Never Dies
30.3%
13.Kiss Me Kate
25.4%

You're not logged in!

Compare scores with friends on all Sporcle quizzes.
Join for Free
OR
Log In

You Might Also Like...

Show Comments

Extras

Top Quizzes Today


Score Distribution

Your Account Isn't Verified!

In order to create a playlist on Sporcle, you need to verify the email address you used during registration. Go to your Sporcle Settings to finish the process.

Report this User

Report this user for behavior that violates our Community Guidelines.

Details: